Eleanor Marx: Vol.2 (Record no. 486410)

000 -LEADER
fixed length control field 00439cam a22001457a 4500
008 - FIXED-LENGTH DATA ELEMENTS--GENERAL INFORMATION
fixed length control field 180718b1976 xxu||||| |||| 00| 0 eng d
020 ## - INTERNATIONAL STANDARD BOOK NUMBER
International Standard Book Number 0394734572
082 ## - DEWEY DECIMAL CLASSIFICATION NUMBER
Classification number A99/Av11 K142/2
100 ## - MAIN ENTRY--PERSONAL NAME
Personal name Kapp, Yvonne
245 ## - TITLE STATEMENT
Title Eleanor Marx: Vol.2
Statement of responsibility, etc. by Yvonne Kapp
260 ## - PUBLICATION, DISTRIBUTION, ETC.
Place of publication, distribution, etc. New York
Name of publisher, distributor, etc. Pantheon Books
Date of publication, distribution, etc. 1976
300 ## - PHYSICAL DESCRIPTION
Extent 775p.
650 ## - SUBJECT ADDED ENTRY--TOPICAL TERM
Topical term or geographic name entry element Labor and laboring classes - Great Britain - Biography
650 ## - SUBJECT ADDED ENTRY--TOPICAL TERM
Topical term or geographic name entry element Aveling, Eleanor Marx - Biography
Holdings
Withdrawn status Lost status Damaged status Not for loan Permanent Location Current Location Date acquired Full call number Barcode Date last seen Price effective from Koha item type
        Indian Institute of Public Administration Indian Institute of Public Administration 2018-08-04 A99/Av11 K142/2 GR14840 2018-08-04 2018-08-04 GR

Powered by Koha